Polskie miasta, które są na granicy - Statystyki

Ogólne statystyki
  • Ten quiz został rozwiązany 29 razy
    19 od ostatniego zresetowania
  • Średni wynik to 14 z 38
Statystyki odpowiedzi
Populacja Miasto Państwo, z którym graniczy % Poprawnych
32 947 Cieszyn Czechy
93%
29 313 Zgorzelec Niemcy
79%
16 245 Bogatynia Czechy/Niemcy
71%
16 644 Słubice Niemcy
71%
25 100 Zakopane Słowacja
71%
16 614 Gubin Niemcy
64%
17 536 Kostrzyn nad Odrą Niemcy
64%
10 552 Wisła Czechy
64%
82 301 Jastrzębie-Zdrój Czechy
57%
12 621 Głuchołazy Czechy
50%
74 636 Jelenia Góra Czechy
50%
4321 Karpacz Czechy
50%
9392 Kudowa-Zdrój Czechy
50%
38 541 Świnoujście Niemcy
50%
5197 Terespol Białoruś
50%
16 023 Ustroń Czechy
43%
13 184 Gołdap Rosja (Obwód Królewiecki)
36%
1172 Krynica Morska Rosja (Obwód Królewiecki)
36%
18 974 Prudnik Czechy
36%
5716 Szklarska Poręba Czechy
36%
2481 Złoty Stok Czechy
36%
5447 Kietrz Czechy
29%
4433 Muszyna Słowacja
29%
5385 Piwniczna-Zdrój Słowacja
29%
5208 Szczawnica Słowacja
29%
12 123 Włodawa Białoruś
29%
2282 Radków Czechy
21%
3985 Świeradów-Zdrój Czechy
21%
9913 Kowary Czechy
14%
5617 Lubawka Czechy
14%
2410 Międzylesie Czechy
14%
5487 Pieńsk Niemcy
14%
2459 Łęknica Niemcy
7%
1097 Nowe Warpno Niemcy
7%
5798 Piechowice Czechy
7%
4850 Szczytna Czechy
7%
3807 Zawidów Czechy
7%
4090 Duszniki-Zdrój Czechy
0%
Nie znaleziono quizów pasujących do podanych kryteriów
Rozkład punktacji
Procent ludzi z każdym wynikiem
Percentyl według liczby udzielonych odpowiedzi
Twoja historia wyników
Nie rozwiązałeś tego quizu od ostatniego zresetowania